Organon

Furkejuvvon:
Bibliográfalaš dieđut
Váldodahkki: Aristóteles, 384 a.C.- 322 a.C (Dahkki)
Materiálatiipa: Girji
Giella:itáliagiella
Almmustuhtton: Giulio Einaudi 1955
Ráidu:Classici della Filosofía
Fáttát:
Fáddágilkorat: Lasit fáddágilkoriid
Eai fáddágilkorat, Lasit vuosttaš fáddágilkora!

MARC

LEADER 00000nam a2200000 a 4500
001 UCY6452
003 CL-VaPUC
008 950526e19550000IT |||||||||||||||||ita|d
082 0 4 |a 185  |b ARI  |2 21 
100 |a Aristóteles,  |d 384 a.C.- 322 a.C.  |e author  |9 194 
245 1 0 |a Organon 
300 |a 1.056 p 
942 |c BK 
945 |d 19950526 00:00:00  |a oaravena 
260 |b Giulio Einaudi  |c 1955 
650 0 |a Filosofía   |9 223554 
650 0 |a Filosofía antigua   |9 255705 
650 0 |a Lógica  |9 256849 
650 0 |a Metafísica  |9 265649 
651 0 |a Grecia  |9 265314 
583 |a last modification  |c 20120828 10:25:11  |k Rodrigo Vera 
490 0 |a Classici della Filosofía 
999 |c 234017  |d 234015 
952 |0 0  |1 0  |4 0  |6 185_000000000000000_ARI_1955  |7 0  |8 P  |9 239946  |a BIBEDU  |b BIBEDU  |c BIBEDU_PB  |d 2019-11-18  |i 1512404  |l 1  |o 185 ARI 1955  |p 1512404  |r 2024-01-25  |s 2022-04-04  |w 2019-11-18  |y BK  |k FIL